[Event "Valera FVA 82nd Anniv"]
[Site "Valera"]
[Date "2017.12.15"]
[Round "6"]
[White "Delgado Madrid, Eduardo Alberto"]
[Black "Vargas Ortiz, Grecia Valentina"]
[Result "0-1"]
[WhiteElo "1509"]
[BlackElo "1609"]
[PlyCount "78"]
[EventDate "2017.12.13"]
[EventType "swiss"]
[EventRounds "7"]
[EventCountry "VEN"]
[SourceTitle "CBM 182 Extra"]
[Source "ChessBase"]
[SourceDate "2018.02.23"]
[SourceVersion "1"]
[SourceVersionDate "2018.02.23"]
[SourceQuality "1"]

1. e4 c5 2. Nf3 e6 3. d4 cxd4 4. Nxd4 a6 5. Nc3 Qc7 6. Bd3 Nf6 7. 0-0 b5 8. a3 Bb7 9. Be3 d6 10. Qe2 Nbd7 11. Rac1 Rc8 12. f3 Ne5 13. Qd2 Be7 14. Be2 Nc4 15. Bxc4 Qxc4 16. Qd3 Nd7 17. Qxc4 Rxc4 18. Nb3 Rc7 19. Rfd1 Ne5 20. Na5 0-0 21. Nxb7 Rxb7 22. b3 Rc8 23. Nb1 Rbc7 24. c3 Nd7 25. Rd3 g6 26. Rcd1 Nc5 27. Bxc5 Rxc5 28. Kf2 h6 29. g3 g5 30. Ke3 Kg7 31. h3 Kg6 32. Ke2 f5 33. exf5+ Kxf5 34. Ke3 d5 35. g4+ Kf6 36. f4 gxf4+ 37. Kxf4 Bd6+ 38. Ke3 Be5 39. Nd2 R5c7 0-1

[Event "Valera FVA 82nd Anniv"]
[Site "Valera"]
[Date "2017.12.13"]
[Round "1"]
[White "Alcala Vitora, Wilfredo Enrique"]
[Black "Delgado Madrid, Eduardo Alberto"]
[Result "1-0"]
[WhiteElo "2023"]
[BlackElo "1509"]
[PlyCount "67"]
[EventDate "2017.12.13"]
[EventType "swiss"]
[EventRounds "7"]
[EventCountry "VEN"]
[SourceTitle "CBM 182 Extra"]
[Source "ChessBase"]
[SourceDate "2018.02.23"]
[SourceVersion "1"]
[SourceVersionDate "2018.02.23"]
[SourceQuality "1"]

1. e4 c5 2. Nc3 d6 3. f4 Nc6 4. Nf3 e6 5. Bb5 Bd7 6. a4 a6 7. Bc4 Be7 8. 0-0 Qc7 9. d3 Nf6 10. Kh1 0-0 11. Qe1 Rfd8 12. Bb3 Rac8 13. Be3 Nb4 14. f5 exf5 15. Ng5 Be8 16. Rxf5 h6 17. Nh3 Bd7 18. Rf1 Be6 19. Bxe6 fxe6 20. Qg3 Kh7 21. Nf4 Qd7 22. Qg6+ Kg8 23. Rac1 e5 24. Nh5 Nxh5 25. Qxh5 Qe8 26. Qg4 Kh7 27. Ne2 Qxa4 28. Bxh6 Kxh6 29. Qh3+ Kg6 30. Qf5+ Kh6 31. Rf3 g5 32. Rh3+ Kg7 33. Rh7+ Kg8 34. Qf7# 1-0